Estadísticas de las finanzas públicas 1990-1999

Saved in:
書目詳細資料
企業作者: Ministerio de Hacienda (Author)
格式: 圖書
語言:西班牙语
出版: Santiago Ministerio de Hacienda 2000
主題:
標簽: 添加標簽
沒有標簽, 成為第一個標記此記錄!

MARC

LEADER 00000nam a2200000 a 4500
001 UCO3921
003 CL-VaPUC
008 000728e20000000CL |||||||||||||||||spa|d
082 0 4 |a 351.72  |b MIN  |2 21 
110 2 |a Ministerio de Hacienda  |e author  |9 447967 
245 1 0 |a Estadísticas de las finanzas públicas 1990-1999 
300 |a 182 p 
942 |c BK 
945 |d 20000728 00:00:00  |a rbrito 
260 |a Santiago  |b Ministerio de Hacienda  |c 2000 
650 0 |a Finanzas públicas   |9 358992 
650 0 |a Análisis estadístico  |9 269506 
650 7 |a MONEDA NACIONAL  |2 CL-VaPUC  |9 447968 
650 7 |a TESORO PUBLICO  |2 CL-VaPUC  |9 447969 
650 7 |a ECONOMIA TRIBUTARIA  |2 CL-VaPUC  |9 447970 
650 0 |a Estadísticas  |9 258644 
583 |a last modification  |c 20000728 00:00:00  |k Rodrigo Vera 
999 |c 290035  |d 290033 
952 |0 0  |1 0  |4 0  |6 351_720000000000000_MIN_2000  |7 0  |8 A  |9 339160  |a BIBGIM  |b BIBGIM  |d 2019-11-20  |i 3631370  |o 351.72 MIN 2000  |p 3631370  |r 2025-01-15  |w 2019-11-20  |y BK  |k GIM